Normal view
MARC view
- BANGLADESH-BIRTH OF A NATION
Entry Topical Term
001 - CONTROL NUMBER
- control field: 76913
003 - CONTROL NUMBER IDENTIFIER
- control field: NUST
005 - DATE AND TIME OF LATEST TRANSACTION
- control field: 20210628205739.0
008 - FIXED-LENGTH DATA ELEMENTS
- fixed length control field: 210628|| aca||aabn | a|a d
040 ## - CATALOGING SOURCE
- Original cataloging agency: NUST
- Transcribing agency: NUST
150 ## - HEADING--TOPICAL TERM
- Topical term or geographic name entry element: BANGLADESH-BIRTH OF A NATION
670 ## - SOURCE DATA FOUND
- Source citation: Work cat.: (NUST): Jacob, J.F.R.Lt Gen 76912, Surrender at dacca birth of a nation, 1997
